Dejepis Pokusné učebné texty pre 12. ročník všeobecnovzdelávacích škôl

Bibliographic Details
Main Author: Goláň, Karol, 1895-1961 (Author)
Format: Book
Language:Undetermined
PhysicalDescription:213 s.
Published: Bratislava Slovenské pedagogické nakladateľstvo 1959

MARC

LEADER 00000nam a2200000 a 4500
001 vtls001342009
003 SK-MaSNL
005 20260301160452.0
008 240315s1959 xo 0 und
035 |a SNK000295164 
040 |a SNK  |b slo  |c SNK  |e AACR2 
044 |a xo  |c SK 
100 1 |a Goláň, Karol,  |d 1895-1961  |4 aut  |9 108099 
245 1 |a Dejepis  |b Pokusné učebné texty pre 12. ročník všeobecnovzdelávacích škôl 
260 |a Bratislava  |b Slovenské pedagogické nakladateľstvo  |c 1959 
300 |a 213 s. 
999 |c 805607  |d 807537 
952 |a SNK  |b SNK  |y PREZ  |7 0  |p 17A0626221  |o snkSD 17704   |i snkKSP 3138/59  |0 0  |1 0  |4 0  |d 2009-07-20  |l 0  |r 2025-12-02 00:00:00  |w 2026-02-24 
952 |t P60, <04>, [BOOK], {604}  |a SNK  |b SNK  |y VYP  |7 0  |p 17A0159092  |o snkSD 17704 D1  |0 0  |1 0  |4 0  |d 1998-09-17  |l 0  |r 2005-01-02 00:00:00  |w 2026-02-24